000 00271nam a2200121Ia 4500
008 190216s9999||||xx |||||||||||||| ||und||
100 _aRamachandran.R
245 0 _aPinne?
260 _bPoorna Pubs Kozhikode
_c1981
300 _a72p
650 _aKavithkal
942 _cBK
999 _c25488
_d25488